NLSUI OPAC header image

Text book of criminal law / (Record no. 30036)

MARC details
000 -LEADER
fixed length control field 00714nam a2200217Ia 4500
003 - CONTROL NUMBER IDENTIFIER
control field OSt
005 - DATE AND TIME OF LATEST TRANSACTION
control field 20260427130428.0
008 - FIXED-LENGTH DATA ELEMENTS--GENERAL INFORMATION
fixed length control field 160316s2012 xxu||||| |||| 00| 0 eng d
020 ## - INTERNATIONAL STANDARD BOOK NUMBER
International Standard Book Number 9780414046139 (pbk)
082 ## - DEWEY DECIMAL CLASSIFICATION NUMBER
Classification number 345 WIL
100 ## - MAIN ENTRY--PERSONAL NAME
Personal name Williams, Glanville
245 ## - TITLE STATEMENT
Title Text book of criminal law /
Statement of responsibility, etc. Glanville Williams
250 ## - EDITION STATEMENT
Edition statement 3rd ed.
260 ## - PUBLICATION, DISTRIBUTION, ETC.
Place of publication, distribution, etc. London :
Name of publisher, distributor, etc. Sweet & Maxwell ;
Date of publication, distribution, etc. 2012.
300 ## - PHYSICAL DESCRIPTION
Extent cxxvi, 1368 p. ;
Dimensions 23 cm,
365 ## - TRADE PRICE
Price amount Rs. 3106.00
505 ## - FORMATTED CONTENTS NOTE
Formatted contents note Part 1: General Considerations;<br/>Part 2: The Protection of the Person;<br/>Part 3: Involvement in Crime;<br/>Part 4: Defences;<br/>Part 5: The Protection of Property.
650 ## - SUBJECT ADDED ENTRY--TOPICAL TERM
Topical term or geographic name entry element Criminal Law
700 ## - ADDED ENTRY--PERSONAL NAME
Personal name Baker, Dennis
942 ## - ADDED ENTRY ELEMENTS (KOHA)
Source of classification or shelving scheme Dewey Decimal Classification
Koha item type BOOKs
Holdings
Withdrawn status Lost status Damaged status Not for loan Home library Current library Shelving location Date acquired Cost, normal purchase price Total Checkouts Full call number Barcode Checked out Date last seen Date last checked out Price effective from Koha item type
        . .   30.05.2017 3106.00 4 345 WIL-1 27383 02.05.2026 25.04.2026 25.04.2026 30.05.2017 BOOKs
        . .   30.05.2017 3106.00 2 345 WIL-2 27384   09.12.2025 08.12.2025 30.05.2017 BOOKs